[Event "New York Enhance"]
[Site "New York"]
[Date "1993.??.??"]
[Round "3"]
[White "Fedorowicz, John P"]
[Black "Frias, Victor J"]
[Result "0-1"]
[WhiteElo "2545"]
[BlackElo "2455"]

1.e4 e5 2.Nf3 Nc6 3.Bb5 a6 4.Ba4 Nf6 5.O-O Be7 6.Re1 b5 7.Bb3 d6 8.c3 O-O
9.h3 Bb7 10.d4 Re8 11.Nbd2 Bf8 12.a4 g6 13.d5 Na7 14.Nf1 Bg7 15.Ng3 Qb8 16.Bg5 Bc8
17.Qd2 Bd7 18.axb5 axb5 19.Nh2 Nc8 20.Rxa8 Qxa8 21.Rf1 Rf8 22.f4 exf4 23.Rxf4 Ne8
24.Rf1 f6 25.Be3 Nb6 26.Qe2 Qa6 27.Nf3 Nc4 28.Bxc4 bxc4 29.Nd4 Qa2 30.Kh2 Rf7
31.Qc2 Re7 32.Rb1 Qa8 33.Qc1 f5 34.Ra1 Qb7 35.exf5 Qxd5 36.fxg6 hxg6 37.Nf3 Bc6
38.Bh6 Bf6 39.Qf4 Qd3 40.Ng5 Re2 41.Nxe2 Be5 42.Qxe5 dxe5 43.Rf1 Ng7  0-1

[Event "New York ACC"]
[Site "New York"]
[Date "1993.??.??"]
[Round "9"]
[White "Vulicevic, Nenad"]
[Black "Shapiro, Daniel E"]
[Result "1-0"]
[WhiteElo "2320"]
[BlackElo "2320"]

1.e4 e5 2.Nf3 Nc6 3.Bb5 a6 4.Ba4 Nf6 5.O-O Be7 6.Re1 b5 7.Bb3 d6 8.c3 O-O
9.h3 Bb7 10.d4 Re8 11.a4 h6 12.d5 Nb8 13.c4 bxc4 14.Bxc4 a5 15.Nc3 Bf8 16.Be3 Na6
17.Bb5 Nd7 18.Nd2 Kh7 19.Nc4 Nb4 20.Qb3 c6 21.dxc6 Bxc6 22.Red1 Re6 23.Rd2 Rg6
24.Bxc6 Nxc6 25.Na3 Kg8 26.Nab5 Qh4 27.Kf1 Re8 28.Rad1 Ree6 29.Nc7 Ref6 30.N7d5 Re6
31.Qb5 Ndb8 32.Qb7 Re8 33.Qb5 Qh5 34.Nc7 Rc8 35.Qb7 Rd8 36.N7d5 f5 37.Qb3 Kh8
38.exf5 Qxf5 39.Qc2 Qf7 40.Qe4 Nb4 41.Bb6 Rc8 42.Bxa5 N4c6 43.Bb6 Nd7 44.b4 Ncb8
45.Be3 Re6 46.g4 Nc6 47.Kg2 g6 48.Nb5 Nd4 49.Nxd4 exd4 50.Bxd4+ Kh7 51.Qf3 Qe8
52.b5 Rc4 53.a5 Bg7 54.Bxg7 Kxg7 55.Qb3 Rc5 56.b6 Re1 57.Qb2+ Kh7 58.Rxe1  1-0

[Event "New York op"]
[Site "New York"]
[Date "1993.??.??"]
[Round "9"]
[White "Almasi, Zoltan"]
[Black "Ivanov, Alexander"]
[Result "1/2-1/2"]
[WhiteElo "2490"]
[BlackElo "2525"]

1.e4 e5 2.Nf3 Nc6 3.Bb5 a6 4.Ba4 Nf6 5.O-O Be7 6.Re1 b5 7.Bb3 d6 8.c3 O-O
9.h3 Bb7 10.d4 Re8 11.Ng5 Rf8 12.Nf3 Re8 13.Nbd2 Bf8 14.a4 exd4 15.cxd4 Qd7
16.axb5 axb5 17.Rxa8 Bxa8 18.Ng5 Nd8 19.e5 Nd5 20.Ndf3 g6 21.Ne4 Bg7 22.Bh6 Ne3
23.Rxe3 Bxe4 24.Bxg7 Bxf3 25.Qxf3 Kxg7 26.Qf6+ Kg8 27.h4 dxe5 28.dxe5 Ne6
29.h5 Qe7 30.hxg6 hxg6 31.Bd5  1/2-1/2

[Event "Oviedo rapid"]
[Site "Oviedo"]
[Date "1993.??.??"]
[Round "11"]
[White "Tseshkovsky, Vitaly"]
[Black "Foisor, Cristina Adela B"]
[Result "1-0"]
[WhiteElo "2495"]
[BlackElo "2360"]

1.e4 e5 2.Nf3 Nc6 3.Bb5 a6 4.Ba4 Nf6 5.O-O Be7 6.Re1 b5 7.Bb3 d6 8.c3 O-O
9.h3 Bb7 10.d3 Na5 11.Bc2 c5 12.Nbd2 Re8 13.Nf1 Bf8 14.Bg5 Nc6 15.Ne3 Nb8
16.Bxf6 Qxf6 17.Bb3 Nd7 18.a4 Qd8 19.Qb1 c4 20.dxc4 Nc5 21.Bc2 bxa4 22.Nd5 Bc6
23.Nb4 Bd7 24.Nd3 Nb3 25.Bxb3 axb3 26.Qd1 Qb6 27.Nd2 Reb8 28.Ra3 Qc7 29.Rxb3 Rc8
30.Qa1 a5 31.Ra3 g6 32.Nb4 Bh6 33.Nd5 Qd8 34.Nf1 Rxc4 35.b4 a4 36.Qd1 Rac8
37.Qf3 Be6 38.Rd1 Bxd5 39.Rxd5 Bc1 40.Rxa4 Rxc3 41.Qd1 Qh4 42.Rxd6 Rc2 43.Qf3 R8c3
44.Qf6 Qxf6 45.Rxf6 Kg7 46.Rf3 Rxf3 47.gxf3  1-0

[Event "Paris-ch"]
[Site "Paris"]
[Date "1993.??.??"]
[Round "9"]
[White "Miulescu, Gabriel"]
[Black "Gaspariants, Garry"]
[Result "1/2-1/2"]
[WhiteElo "2355"]
[BlackElo "2245"]

1.e4 e5 2.Nf3 Nc6 3.Bb5 a6 4.Ba4 Nf6 5.O-O Be7 6.Re1 b5 7.Bb3 O-O 8.h3 d6
9.c3 Bb7 10.d4 Qd7 11.Nbd2 Rae8 12.a4 Bd8 13.Bc2 Kh8 14.d5 Ne7 15.axb5 axb5
16.b3 c6 17.c4 Bb6 18.Nf1 Ra8 19.Rxa8 Rxa8 20.Bg5 Nfg8 21.Ng3 Ba5 22.Re2 Bc3
23.Qd3 Ra1+ 24.Kh2 b4 25.Nh4 c5 26.Qf3 f6 27.Be3 g6 28.Nh1 Bc8 29.g4 Kg7
30.Qg2 Qd8 31.Ng3 Kf8 32.f4 exf4  1/2-1/2

[Event "World op"]
[Site "Philadelphia"]
[Date "1993.??.??"]
[Round "2"]
[White "Kudrin, Sergey"]
[Black "Shapiro, Daniel E"]
[Result "1-0"]
[WhiteElo "2555"]
[BlackElo "2310"]

1.e4 e5 2.Nf3 Nc6 3.Bb5 a6 4.Ba4 Nf6 5.O-O Be7 6.Re1 b5 7.Bb3 d6 8.c3 O-O
9.h3 Bb7 10.d4 Re8 11.Nbd2 Bf8 12.Bc2 h6 13.a3 g6 14.Nf1 Bg7 15.Ng3 Qe7 16.Bd2 Nh7
17.Be3 h5 18.b4 exd4 19.cxd4 Nb8 20.Qd2 Nd7 21.Bh6 Bh8 22.a4 Nb6 23.axb5 axb5
24.Rxa8 Rxa8 25.Bd3 Nc4 26.Qc1 c5 27.Bxc4 bxc4 28.Qxc4 h4 29.Nf1 cxd4 30.Qd3 Rc8
31.Nxd4 d5 32.e5 Qxb4 33.Rb1 Qe7 34.f4 Rc7 35.Ne3 Bg7 36.Bxg7  1-0

[Event "World op"]
[Site "Philadelphia"]
[Date "1993.??.??"]
[Round "4"]
[White "De Firmian, Nick E"]
[Black "Ivanov, Alexander"]
[Result "1-0"]
[WhiteElo "2545"]
[BlackElo "2535"]

1.e4 e5 2.Nf3 Nc6 3.Bb5 a6 4.Ba4 Nf6 5.O-O Be7 6.Re1 b5 7.Bb3 d6 8.c3 O-O
9.h3 Bb7 10.d4 Re8 11.a4 Qd7 12.axb5 axb5 13.Rxa8 Bxa8 14.Na3 exd4 15.cxd4 Na5
16.Bc2 b4 17.Nb1 d5 18.e5 Ne4 19.Nbd2 c5 20.Nxe4 dxe4 21.Bxe4 Bxe4 22.Rxe4 Qd5
23.Re1 c4 24.e6 f6 25.Nh4 Nc6 26.Qg4 Bf8 27.Nf5 g6 28.Nh6+ Kh8 29.Nf7+ Kg8
30.Bh6 Bxh6 31.Nxh6+ Kg7 32.Qf4 Rxe6 33.Rxe6 Qxe6 34.Ng4 Ne7 35.Qc7 Kf8 36.Ne3 Qc6
37.Qa5 c3 38.Qxb4 cxb2 39.Qxb2 Qe4 40.Qb3  1-0

[Event "Sevilla op"]
[Site "Sevilla"]
[Date "1993.??.??"]
[Round "?"]
[White "Fernandez Garcia, Jose L"]
[Black "Durao, Joaquim"]
[Result "1-0"]
[WhiteElo "2475"]
[BlackElo "2210"]

1.e4 e5 2.Nf3 Nc6 3.Bb5 a6 4.Ba4 Nf6 5.O-O Be7 6.Re1 b5 7.Bb3 O-O 8.c3 d6
9.h3 Bb7 10.d4 Re8 11.Nbd2 Bf8 12.d5 Na5 13.Bc2 c6 14.b4 Nc4 15.Nxc4 bxc4
16.dxc6 Bxc6 17.Bg5 h6 18.Bxf6 Qxf6 19.Ba4 Bxa4 20.Qxa4 Qe6 21.Qc2 g6 22.Rad1 a5
23.a4 axb4 24.cxb4 Reb8 25.b5 Ra5 26.Nd2 Rba8 27.Ra1 c3 28.Qxc3 Rxa4 29.Rxa4 Rxa4
30.b6 Qe7 31.Rb1  1-0

[Event "Sitges op"]
[Site "Sitges"]
[Date "1993.??.??"]
[Round "6"]
[White "Magem Badals, Jorge"]
[Black "Solozhenkin, Evgeniy"]
[Result "1/2-1/2"]
[WhiteElo "2505"]
[BlackElo "2515"]

1.e4 e5 2.Nf3 Nc6 3.Bb5 a6 4.Ba4 Nf6 5.O-O Be7 6.Re1 b5 7.Bb3 d6 8.c3 O-O
9.h3 Bb7 10.d4 Re8 11.Ng5 Rf8 12.Nf3 Re8 13.Nbd2 Bf8 14.Bc2 Nb8 15.a4 Nbd7
16.Bd3 c6 17.b3 g6 18.Qc2 Rc8 19.Ba3 Nh5 20.Bf1 Nf4 21.b4 Nb6 22.dxe5 dxe5
23.axb5 cxb5 24.c4 bxc4 25.Nxc4 Ne6 26.Qa2 Nd4 27.Ncxe5 Nxf3+ 28.Nxf3 Rxe4
29.Rxe4 Bxe4 30.Bxa6 Rc3 31.Ne1 Qg5 32.Qe2 Qf4 33.Bc1 Rxc1 34.Rxc1 Qxc1 35.Qxe4 Nd5
36.Bf1 Nxb4 37.Nd3 Qb1 38.Qc4 Nxd3  1/2-1/2

[Event "Stockerau"]
[Site "Stockerau"]
[Date "1993.??.??"]
[Round "8"]
[White "Rasik, Vitezslav"]
[Black "Zvjaginsev, Vadim"]
[Result "1/2-1/2"]
[WhiteElo "2415"]
[BlackElo "2455"]

1.e4 e5 2.Nf3 Nc6 3.Bb5 a6 4.Ba4 Nf6 5.O-O Be7 6.Re1 b5 7.Bb3 d6 8.c3 O-O
9.h3 Bb7 10.d4 Re8 11.Ng5 Rf8 12.Nf3 Re8 13.Bg5  1/2-1/2

[Event "Tbilisi zt (Women)"]
[Site "Tbilisi"]
[Date "1993.??.??"]
[Round "7"]
[White "Airapetian, SH."]
[Black "Kachiani Gersinska, Ketino"]
[Result "0-1"]
[WhiteElo "2065"]
[BlackElo "2420"]

1.e4 e5 2.Nf3 Nc6 3.Bb5 a6 4.Ba4 Nf6 5.O-O Be7 6.Re1 b5 7.Bb3 d6 8.c3 O-O
9.h3 Bb7 10.d4 Re8 11.Nbd2 Bf8 12.a4 h6 13.d5 Na5 14.Bc2 c6 15.b4 Nc4 16.Nxc4 bxc4
17.dxc6 Bxc6 18.Rb1 Bb7 19.b5 axb5 20.axb5 g6 21.Bd2 Bg7 22.Qc1 Kh7 23.Rb4 Qc8
24.b6 Ra6 25.Ba4 Re7 26.Bb5 Rxb6 27.Be3 Rxb5 28.Rxb5 Nxe4 29.Qb2 f5 30.Rb1 Bc6
31.Rb6 f4 32.Bc1 Nc5 33.Qd2 Nd3 34.Ba3 Bxf3 35.Bxd6 Rf7 36.Qa2 Bxg2 37.Kxg2 f3+
38.Kh2 Nf4 39.Rh1 Qxh3+ 40.Kg1 Qg2+  0-1

[Event "Tilburg rapid20"]
[Site "Tilburg"]
[Date "1993.??.??"]
[Round "2"]
[White "Hellers, Ferdinand"]
[Black "Ivanchuk, Vassily"]
[Result "1/2-1/2"]
[WhiteElo "2560"]
[BlackElo "2705"]

1.e4 e5 2.Nf3 Nc6 3.Bb5 a6 4.Ba4 Nf6 5.O-O Be7 6.Re1 b5 7.Bb3 d6 8.c3 O-O
9.h3 Bb7 10.d4 Re8 11.Nbd2 Bf8 12.a4 h6 13.Bc2 exd4 14.cxd4 Nb4 15.Bb1 c5
16.d5 Nd7 17.Ra3 bxa4 18.Rxa4 a5 19.Ra3 Ba6 20.Rae3 g6 21.b3 Bg7 22.Nf1 Bxf1
23.Kxf1 a4 24.bxa4 Nb6 25.Qe2 Rxa4 26.h4 Ra1 27.Bb2 Bxb2 28.Qxb2 Qa8 29.R3e2 Nc4
30.Qc3 Ne5 31.Nxe5 Rxe5 32.f4 Re8 33.h5 Ra3 34.Qb2 Rg3 35.hxg6 fxg6 36.Kf2 Rg4
37.g3 Rf8 38.Re3 Qd8 39.Rh1 h5 40.Rf3 Qe7 41.Kg2 Rf7 42.Qd2 h4 43.e5 dxe5
44.d6 Qb7 45.Rxh4 Rxh4 46.gxh4 Rxf4 47.Qe2 Qxf3+ 48.Qxf3 Rxf3 49.Kxf3 Kf7
50.Kg4 Ke6 51.Kg5 Kxd6 52.Kxg6 Nd5 53.h5 Nf4+ 54.Kg5 Nxh5 55.Kxh5  1/2-1/2

[Event "Vilnius zt"]
[Site "Vilnius"]
[Date "1993.??.??"]
[Round "?"]
[White "Rytshagov, Mikhail"]
[Black "Butnorius, Algimantas"]
[Result "1/2-1/2"]
[WhiteElo "2430"]
[BlackElo "2415"]

1.e4 e5 2.Nf3 Nc6 3.Bb5 a6 4.Ba4 Nf6 5.O-O Be7 6.Re1 b5 7.Bb3 d6 8.c3 O-O
9.h3 Bb7 10.d4 Re8 11.Nbd2 Bf8 12.a4 h6 13.d5 Ne7 14.c4 c6 15.dxc6 Bxc6 16.axb5 axb5
17.Rxa8 Bxa8 18.cxb5 Ng6 19.Bc4 d5 20.exd5 e4 21.Nd4 Nxd5 22.Nc6 Bxc6 23.bxc6 e3
24.Nf3 exf2+ 25.Kxf2 Rxe1 26.Kxe1 Bb4+ 27.Bd2 Qe8+ 28.Qe2 Bxd2+ 29.Kxd2 Qxc6
30.Qe4 Nge7 31.Ne5 Qd6 32.Nd3 g6 33.Qd4 h5 34.h4 Nb6 35.Qe4  1/2-1/2

[Event "Vilnius zt"]
[Site "Vilnius"]
[Date "1993.??.??"]
[Round "?"]
[White "Lanka, Zigurds"]
[Black "Butnorius, Algimantas"]
[Result "1/2-1/2"]
[WhiteElo "2545"]
[BlackElo "2415"]

1.e4 e5 2.Nf3 Nc6 3.Bb5 a6 4.Ba4 Nf6 5.O-O Be7 6.Re1 b5 7.Bb3 O-O 8.c3 d6
9.h3 Bb7 10.d4 Re8 11.Nbd2 Bf8 12.a3 h6 13.Bc2 Qd7 14.b4 a5 15.d5 Ne7 16.bxa5 Rxa5
17.c4 c6 18.dxc6 Bxc6 19.cxb5 Bxb5 20.Bb3 Rc8 21.Nh4 Ba4 22.Qf3 Rac5 23.Bb2 Rb8
24.Bxa4 Qxa4 25.Bc3 Rbc8 26.Bb4 Rc2 27.Nf5 Nxf5 28.Qxf5 d5 29.exd5 Bxb4 30.axb4 Qxb4
31.Ne4 Nxd5 32.Qxe5 Nc7 33.Rab1 Qf8 34.Re3 Ne8 35.Rb5 R2c6 36.Ra5 Nd6 37.Nxd6 Qxd6  1/2-1/2

[Event "Vilnius zt"]
[Site "Vilnius"]
[Date "1993.??.??"]
[Round "?"]
[White "Lutskan, Ilmars"]
[Black "Butnorius, Algimantas"]
[Result "0-1"]
[WhiteElo "2330"]
[BlackElo "2415"]

1.e4 e5 2.Nf3 Nc6 3.Bb5 a6 4.Ba4 Nf6 5.O-O Be7 6.Re1 b5 7.Bb3 d6 8.c3 O-O
9.h3 Bb7 10.d3 h6 11.Nbd2 Re8 12.Nf1 Bf8 13.Bd2 d5 14.Bc2 dxe4 15.dxe4 Na5
16.b3 c5 17.Qc1 Qc7 18.Ng3 Rad8 19.Nh4 Rd7 20.Nhf5 Kh7 21.Ne3 g6 22.Re2 Nc6
23.f3 Nd8 24.c4 Ne6 25.Nd5 Nxd5 26.exd5 Nd4 27.Re1 f5 28.Nh1 Qd8 29.Be3 Qh4
30.Bd3 Rdd8 31.Rb1 b4 32.Rb2 Bd6 33.Bf2 Qf6 34.Ng3 Bc8 35.Ne2 e4 36.Nxd4 exd3
37.Nc6 Rxe1+ 38.Bxe1 Re8 39.Bf2 Qc3 40.Qd2 Re2 41.Qxe2 dxe2 42.Rxe2 Qa1+
43.Re1 Qxa2 44.Nd8 Kg7 45.g3 Qxb3 46.Ne6+ Bxe6 47.Rxe6 Bf8  0-1

[Event "Werfen op"]
[Site "Werfen"]
[Date "1993.??.??"]
[Round "5"]
[White "Klovans, Janis"]
[Black "Shalamberidze, Akaki"]
[Result "1/2-1/2"]
[WhiteElo "2415"]
[BlackElo "2330"]

1.e4 e5 2.Nf3 Nc6 3.Bb5 a6 4.Ba4 Nf6 5.O-O Be7 6.Re1 b5 7.Bb3 d6 8.c3 O-O
9.h3 Bb7 10.d4 h6 11.Nbd2 Re8 12.Nf1 Bf8 13.Ng3 Na5 14.Bc2 Nc4 15.a4 d5 16.Nxe5 Nxe4
17.Nxe4 dxe4 18.Nxc4 bxc4 19.b3 cxb3 20.Bxb3 c5 21.Rb1 Qc7 22.Qg4 Bc8 23.Bf4 Qc6
24.d5 Qf6 25.Qg3 Bf5 26.Rbd1 c4 27.Bc2 Bc5 28.Be3 Bd6 29.Bd4 Bxg3 30.Bxf6 Bxf2+
31.Kxf2 e3+ 32.Rxe3 Bxc2 33.Rd2 Bxa4 34.Be7 Ra7 35.d6 Rd7 36.Rd4 Bb5 37.Re5 f6
38.Rc5 Kf7 39.g4 Ke6 40.Re4+ Kf7 41.Rd4 Ke6  1/2-1/2

[Event "Zillertal op"]
[Site "Zillertal"]
[Date "1993.??.??"]
[Round "?"]
[White "Lanka, Zigurds"]
[Black "Foisor, Ovidiu"]
[Result "1-0"]
[WhiteElo "2545"]
[BlackElo "2425"]

1.e4 e5 2.Nf3 Nc6 3.Bb5 a6 4.Ba4 Nf6 5.O-O Be7 6.Re1 b5 7.Bb3 d6 8.c3 O-O
9.h3 Bb7 10.d4 Re8 11.a4 h6 12.Nbd2 Bf8 13.Bc2 Nb8 14.Bd3 c6 15.Nf1 Nbd7
16.Ng3 g6 17.Bd2 Nb6 18.b3 bxa4 19.bxa4 a5 20.Qc1 h5 21.Qc2 Qc7 22.Rab1 Ba6
23.Bxa6 Rxa6 24.Qa2 exd4 25.cxd4 d5 26.e5 Nh7 27.e6 Nc4 28.exf7+ Qxf7 29.Rxe8 Qxe8
30.Re1 Qf7 31.Ne5 Nxe5 32.dxe5 Bb4 33.e6 Qe7 34.Qc2 Nf8 35.Re5 Qf6 36.Bxb4 Qxe5
37.Bxf8 Kxf8 38.Qxg6 Ra7 39.Nf5 h4 40.f4 Rg7 41.e7+ Qxe7 42.Nxe7  1-0

[Event "AUT-chT2W 9495"]
[Site "Austria"]
[Date "1994.??.??"]
[Round "?.6"]
[White "Haemmerle, Gernot"]
[Black "Kogler, H."]
[Result "1/2-1/2"]
[WhiteElo "1780"]
[BlackElo "1910"]

1.e4 e5 2.Nf3 Nc6 3.Bb5 a6 4.Ba4 Nf6 5.O-O b5 6.Bb3 d6 7.Re1 Be7 8.c3 O-O
9.h3 Bb7 10.d3 Na5 11.Bc2 c5 12.Nbd2 Rc8 13.Nf1 Qc7 14.Ng3 g6 15.Bh6 Rfe8
16.Qd2 Bf8 17.a4 b4 18.c4 Qe7 19.b3  1/2-1/2

[Event "AUT-ch"]
[Site "Austria"]
[Date "1994.??.??"]
[Round "6"]
[White "Frosch, Erich"]
[Black "Zoebisch, Herbert"]
[Result "0-1"]
[WhiteElo "2280"]
[BlackElo "2240"]

1.e4 e5 2.Nf3 Nc6 3.Bb5 a6 4.Ba4 Nf6 5.O-O Be7 6.Re1 b5 7.Bb3 d6 8.c3 O-O
9.h3 Bb7 10.d4 Re8 11.Nbd2 Bf8 12.Bc2 Nb8 13.a4 Nbd7 14.Qe2 c6 15.Nf1 Qc7
16.Ng3 g6 17.Bg5 h6 18.Be3 Bg7 19.Qd2 Kh7 20.Nh2 Nb6 21.f4 Nc4 22.Qc1 Nxe3
23.Qxe3 c5 24.dxe5 dxe5 25.f5 h5 26.Nf3 Bh6 27.Ng5+ Kg7 28.h4 Ng4 29.Qf3 Qe7
30.Rf1 Rf8 31.Rad1 Rae8 32.Nh3 Bc8 33.axb5 axb5 34.Ra1 c4 35.Kh1 Qxh4 36.Ra7 Kg8
37.b3 Ne3 38.Rf2 Nxc2 39.Rxc2 cxb3 40.Rb2 Rd8 41.Rxb3 Bf4 42.Nf1 gxf5 43.Qf2 Qxf2
44.Nxf2 fxe4 45.g3 Bh6 46.Nxe4 Rd1 47.Kg2 Be6 48.Rb4 Bc4 49.Rxc4 bxc4 50.Nf6+ Kh8
51.Rc7 Bg5 52.Nxh5 f5 53.Rxc4 Ra8  0-1

[Event "AUT-chT"]
[Site "?"]
[Date "1994.??.??"]
[Round "?"]
[White "Seuss, Oswald"]
[Black "Hager, Franz"]
[Result "1/2-1/2"]
[WhiteElo "2130"]
[BlackElo "2275"]

1.e4 e5 2.Nf3 Nc6 3.Bb5 a6 4.Ba4 Nf6 5.O-O Be7 6.Re1 b5 7.Bb3 d6 8.c3 O-O
9.h3 Bb7 10.d4 Re8 11.Nbd2 Bf8 12.d5 Nb8 13.Nf1 Nbd7 14.Ng3 g6 15.Nh2 Nc5
16.Bc2 c6 17.dxc6 Bxc6 18.Ng4 Nxg4 19.Qxg4 Bg7 20.Bg5 f6 21.Be3 Qe7 22.Rad1 Bd7
23.Qe2 Be6 24.b3 Qc7 25.Nf1 Rac8 26.Bc1 Nd7 27.Bb2 Nb6 28.Ne3 Red8 29.Rd3 d5
30.Red1 dxe4 31.Rxd8+ Rxd8 32.Bxe4 Rxd1+ 33.Qxd1 f5 34.Bd5 Nxd5 35.Nxd5 Qd7
36.c4 Kf7 37.f4 Bxd5 38.cxd5 Qa7+ 39.Kh2 exf4 40.Bxg7 Kxg7 41.d6 Qd7 42.a4 Kf6
43.axb5 axb5 44.Qd5 g5 45.Kg1 h5 46.h4 g4 47.Kh2 b4 48.Kg1 Qa7+ 49.Kf1 Qa1+
50.Ke2 f3+ 51.gxf3 Qb2+ 52.Ke3  1/2-1/2

[Event "AUT-chT2S 9394"]
[Site "AUT"]
[Date "1994.??.??"]
[Round "?"]
[White "Kosanski, Stanko"]
[Black "Hazai, Laszlo"]
[Result "1/2-1/2"]
[WhiteElo "2420"]
[BlackElo "2465"]

1.e4 e5 2.Nf3 Nc6 3.Bb5 a6 4.Ba4 Nf6 5.O-O Be7 6.Re1 b5 7.Bb3 d6 8.c3 O-O
9.h3 Bb7 10.d3 Na5 11.Bc2 c5 12.Nbd2 Re8 13.a3 h6 14.Nf1 Bf8  1/2-1/2

[Event "Badenweiler op"]
[Site "Badenweiler"]
[Date "1994.??.??"]
[Round "7"]
[White "Bach, Edwin"]
[Black "Kachiani Gersinska, Ketino"]
[Result "1/2-1/2"]
[WhiteElo "2245"]
[BlackElo "2415"]

1.e4 e5 2.Nf3 Nc6 3.Bb5 a6 4.Ba4 Nf6 5.O-O Be7 6.Re1 b5 7.Bb3 d6 8.c3 O-O
9.h3 Bb7 10.d4 Re8 11.Ng5 Rf8 12.Nf3 h6 13.Nbd2 Re8 14.Nf1 Bf8 15.Ng3 Na5
16.Bc2 Nc4 17.a4 d5 18.Nxe5 Nxe4 19.Nxe4 dxe4 20.Nxc4 bxc4 21.b3 Qd5 22.bxc4 Qxc4
23.Re3 Bd5 24.Ba3 Bxa3 25.Rxa3 Rab8 26.a5 Qb5 27.Ra1 Qc4 28.Ra4 Qb5 29.Ra1 Qc4
30.Ra4  1/2-1/2

[Event "Belgrade Trako"]
[Site "Belgrade"]
[Date "1994.??.??"]
[Round "6"]
[White "Simic, Radoslav"]
[Black "Istratescu, Andrei"]
[Result "1/2-1/2"]
[WhiteElo "2495"]
[BlackElo "2505"]

1.e4 e5 2.Nf3 Nc6 3.Bb5 a6 4.Ba4 Nf6 5.O-O Be7 6.Re1 b5 7.Bb3 d6 8.c3 O-O
9.h3 Bb7 10.d3 h6 11.Nbd2 Re8 12.Nf1 Bf8 13.Ng3  1/2-1/2

[Event "Biel op"]
[Site "Biel"]
[Date "1994.??.??"]
[Round "3"]
[White "Klovans, Janis"]
[Black "Siegel, Georg"]
[Result "1-0"]
[WhiteElo "2405"]
[BlackElo "2385"]

1.e4 e5 2.Nf3 Nc6 3.Bb5 a6 4.Ba4 Nf6 5.O-O Be7 6.Re1 b5 7.Bb3 d6 8.c3 O-O
9.h3 Bb7 10.d4 Re8 11.Nbd2 Bf8 12.Bc2 h6 13.d5 Ne7 14.c4 c6 15.b3 Rb8 16.Nf1 g6
17.Ng3 Bg7 18.a4 cxd5 19.cxd5 Rf8 20.Bd2 Nh7 21.Qc1 Rc8 22.axb5 axb5 23.Ra2 f5
24.Bxh6 fxe4 25.Nxe4 Bxd5 26.Bxg7 Kxg7 27.Qd2 Qb6 28.Rea1 Qc6 29.Nfg5 Rc7
30.Bd3 Nxg5 31.Nxg5 Bxb3 32.Ra7 Rfc8 33.Qb2 Bc4 34.R7a6 Qd5 35.Be4 Qc5 36.Rd1 Rd7
37.Bf3 Nf5 38.Ne4 Qc7 39.Nxd6 Rxd6 40.Qxe5+ Kh7 41.Rdxd6 Nxd6 42.Qxd6 Qxd6
43.Rxd6 Rb8 44.Rd7+ Kh6 45.h4 Rb6 46.Be4 Be6 47.Re7 Bf5 48.Bf3 Bb1 49.Bd5 g5
50.hxg5+ Kxg5 51.g3 Kf6 52.Re3 Bc2 53.Rc3 Bf5 54.Bb3 b4 55.Rf3 Ke5 56.Kf1 Be4
57.Re3 Kd4 58.Ke2 Rc6 59.g4 Rc3 60.Rxc3 Kxc3 61.Be6 Kd4 62.Bb3 Kc3 63.Bf7 Kd4
64.g5 Bf5 65.Kf3 Bc2 66.g6 b3 67.g7 b2 68.Ba2 Bh7 69.Kf4 Bg8 70.Bb1 Kd5 71.Kf5 Kd4
72.Kf6 Bc4 73.f4 Ke3 74.f5 Kd2 75.Ke7 Kc1 76.Be4 Bd5 77.f6  1-0

[Event "GER-ch"]
[Site "Binz"]
[Date "1994.??.??"]
[Round "2"]
[White "Wahls, Matthias"]
[Black "Stern, Rene"]
[Result "1/2-1/2"]
[WhiteElo "2540"]
[BlackElo "2370"]

1.e4 e5 2.Nf3 Nc6 3.Bb5 a6 4.Ba4 Nf6 5.O-O Be7 6.Re1 b5 7.Bb3 d6 8.c3 O-O
9.h3 Bb7 10.d4 Re8 11.Nbd2 Bf8 12.a4 h6 13.Bc2 exd4 14.cxd4 Nb4 15.Bb1 c5
16.d5 Nd7 17.Ra3 c4 18.Ree3 Nc5 19.b3 f5 20.bxc4 bxc4 21.exf5 Rxe3 22.Rxe3 Nxd5
23.Ra3 Qf6 24.Qc2 c3 25.Nc4 Nb4 26.Qxc3 Qxc3 27.Rxc3 Nxa4 28.Rb3 a5 29.Nxa5 Bxf3
30.Rxb4 Rxa5 31.gxf3 Nc3 32.Kg2 Nxb1 33.Rxb1 Rxf5 34.Rb7 Rf7 35.Rb8 Rd7 36.f4 Kf7
37.f5 Be7 38.Kf3 d5 39.Ke2 Bd6 40.Rb6 Be5 41.Bd2 Re7 42.Kd3 Bf6 43.Bf4 Ra7
44.Rd6 Ra3+ 45.Ke2 d4 46.Rd7+ Kg8 47.Bg3 Ra5 48.f3 Rxf5 49.Bf2 Rh5 50.Bxd4 Bxd4
51.Rxd4 Rxh3 52.Kf2 Rh5 53.Ra4 Kh7 54.Ra6 Rg5 55.Rb6 Rg6 56.Rb5 Rf6 57.Kg3 Kg6
58.Kg4 Ra6 59.Rc5 Ra4+ 60.Kg3 Ra1 61.Rc6+ Kf5 62.Rc5+ Ke6 63.Rb5 Rg1+ 64.Kf2 Rg5
65.Rb6+ Kf5 66.Ra6 Rg6 67.Ra5+ Kf4 68.Ra4+ Kg5 69.Rg4+ Kf5 70.Ra4 Re6 71.Kg3 g5
72.Ra5+ Kg6 73.Ra3 Rf6 74.Ra8 h5 75.Rg8+ Kf5 76.Rh8 h4+ 77.Kg2 Ra6 78.Rf8+ Kg6
79.Rg8+ Kf6 80.Rf8+ Kg7 81.Rf5 Kg6 82.Rf8 Re6 83.Kf2 Re5 84.Rg8+ Kf7 85.Rh8 Ra5
86.Rh6 Ra2+ 87.Kg1 Kg7 88.Rb6 h3 89.Rc6 Rg2+ 90.Kf1 Kh7 91.Ra6 Rb2 92.Kg1 Kg7
93.Re6 h2+ 94.Kh1 Rf2  1/2-1/2

[Event "Budapest FS10 GM"]
[Site "Budapest"]
[Date "1994.??.??"]
[Round "1"]
[White "Sulskis, Sarunas"]
[Black "Lukacs, Peter"]
[Result "1-0"]
[WhiteElo "2455"]
[BlackElo "2490"]

1.e4 e5 2.Nf3 Nc6 3.Bb5 a6 4.Ba4 Nf6 5.O-O Be7 6.Re1 b5 7.Bb3 O-O 8.c3 d6
9.h3 Bb7 10.d4 Re8 11.Nbd2 Bf8 12.a4 h6 13.Bc2 exd4 14.cxd4 Nb4 15.Bb1 g6
16.Ra3 Bg7 17.Rae3 c5 18.d5 Nd7 19.h4 c4 20.h5 Nc5 21.hxg6 fxg6 22.Nf1 Ncd3
23.Bxd3 Nxd3 24.Rxd3 cxd3 25.Qxd3 bxa4 26.Be3 Qa5 27.Bd4 Qb4 28.Bxg7 Kxg7
29.N1d2 a5 30.Nd4 Bxd5 31.Nb5 Bxe4 32.Rxe4 Rxe4 33.Nxe4 Qxb2 34.Nbc3 Qc1+
35.Kh2 Qf4+ 36.g3 Qe5 37.f4 Qe6 38.Qd4+ Kg8 39.Qxa4 Rb8 40.Qxa5 Rb2+ 41.Kg1 Rb8
42.Qa7 Rf8 43.Qd4 g5 44.fxg5 hxg5 45.Nd5 Qe5 46.Qc4 Kg7 47.Kg2 Rc8 48.Qd3 Rb8
49.Ne3 d5 50.Nxd5 Rd8 51.Nec3 g4 52.Qc4 Qf5 53.Kg1 Rd7 54.Nf4 Kh7 55.Ne4 Qe5
56.Qc6 Qa1+ 57.Kh2 Qb2+ 58.Ng2 Re7 59.Nf6+ Kg7 60.Nxg4 Rf7 61.Kh3 Qd2 62.Nf4  1-0

[Event "Budapest FS06 GM"]
[Site "Budapest"]
[Date "1994.??.??"]
[Round "5"]
[White "Fogarasi, Tibor"]
[Black "Lukacs, Peter"]
[Result "1/2-1/2"]
[WhiteElo "2415"]
[BlackElo "2485"]

1.e4 e5 2.Nf3 Nc6 3.Bb5 a6 4.Ba4 Nf6 5.O-O Be7 6.Re1 b5 7.Bb3 O-O 8.c3 d6
9.h3 Bb7 10.d4 Re8 11.Nbd2 Bf8 12.a4 h6 13.Bc2 exd4 14.cxd4 Nb4 15.Bb1 g6
16.b3 c5 17.Bb2 Bg7 18.Bc3 bxa4 19.Rxa4 a5 20.Ba1 cxd4  1/2-1/2

[Event "Budapest FS04 IM-B"]
[Site "Budapest"]
[Date "1994.??.??"]
[Round "13"]
[White "Knezevic, Bojan"]
[Black "Kovacevic, Blazimir"]
[Result "1/2-1/2"]
[WhiteElo "2385"]
[BlackElo "2350"]

1.e4 e5 2.Nf3 Nc6 3.Bb5 a6 4.Ba4 Nf6 5.O-O Be7 6.Re1 b5 7.Bb3 d6 8.c3 O-O
9.h3 Bb7 10.d4 Re8 11.Ng5 Rf8 12.Nf3 Re8 13.Nbd2 Bf8 14.a4 h6 15.Bc2  1/2-1/2

[Event "Capablanca mem-B"]
[Site "?"]
[Date "1994.??.??"]
[Round "5"]
[White "Rodriguez, Amador"]
[Black "Arencibia, Walter"]
[Result "1-0"]
[WhiteElo "2470"]
[BlackElo "2485"]

1.e4 e5 2.Nf3 Nc6 3.Bb5 a6 4.Ba4 Nf6 5.O-O Be7 6.Re1 b5 7.Bb3 d6 8.c3 O-O
9.h3 Bb7 10.d4 Re8 11.Nbd2 Bf8 12.d5 Ne7 13.Nf1 Ng6 14.N3h2 Qd7 15.Ng4 Nxe4
16.Rxe4 f5 17.Re1 fxg4 18.hxg4 Qf7 19.Qd3 e4 20.Rxe4 Rxe4 21.Qxe4 Re8 22.Qd4 Re1
23.f3 Nf4 24.Bd1 Nxd5 25.Bd2 c5 26.Qf2 Re8 27.Bc2 Nf4 28.Re1 Rxe1 29.Bxe1 Qxa2
30.b3 g6 31.Qd2 Bh6 32.Qd1 d5 33.Bd2 Qb2 34.Qe1 Kf7 35.Qh4 Qxc2 36.Qxh6 Ne6
37.Qxh7+ Ng7 38.Qh2 Ne6 39.Qd6  1-0

[Event "Copenhagen op16"]
[Site "Copenhagen"]
[Date "1994.??.??"]
[Round "1"]
[White "Jensen, Henrik W"]
[Black "Holst, Allan"]
[Result "0-1"]
[WhiteElo "2070"]
[BlackElo "2340"]

1.e4 e5 2.Nf3 Nc6 3.Bb5 a6 4.Ba4 Nf6 5.O-O Be7 6.Re1 b5 7.Bb3 d6 8.c3 O-O
9.h3 Bb7 10.d4 Re8 11.Nbd2 Bf8 12.d5 Nb8 13.a4 Nbd7 14.axb5 axb5 15.Rxa8 Qxa8
16.c4 Ba6 17.cxb5 Bxb5 18.Bc4 Rb8 19.Qc2 Nc5 20.b4 Qa4 21.Qxa4 Nxa4 22.Bxb5 Rxb5
23.Ba3 g6 24.Rc1 Rb7 25.Kf1 h5 26.Ke2 Bh6 27.Rc2 Nb6 28.Kd3 Ra7 29.Bc1 Kf8
30.Nb1 Bxc1 31.Rxc1 Nbxd5 32.exd5 e4+ 33.Kd4 exf3 34.gxf3 Ra1 35.Rd1 Nd7
36.Nc3 Rxd1+ 37.Nxd1 Ke7 38.f4 Kf6 39.Ne3 g5 40.fxg5+ Kxg5 41.Ng2 Kf5 42.f3 Nf6
43.f4 Ne4 44.Ke3 Nc3 45.Nh4+ Kf6 46.Kd4 Ne2+ 47.Ke3 Nc3 48.Kd4 Nb5+ 49.Kc4 Na7
50.Kd4 Nc8 51.b5 Nb6 52.Ke4 Nc4 53.Kd4 Na3 54.b6 cxb6 55.Kc3 Nb5+ 56.Kc4 Nc7
57.Kd4 b5 58.Ke4 Na6 59.Kd4 Nc5 60.Ke3 b4 61.Kd4 Na4  0-1

[Event "MON"]
[Site "Erdenet"]
[Date "1994.??.??"]
[Round "?"]
[White "Lhagvasuren, Cedendemberel"]
[Black "Hurelbaatar, Chultemjamc"]
[Result "1-0"]
[WhiteElo "2280"]
[BlackElo "2300"]

1.e4 e5 2.Nf3 Nc6 3.Bb5 a6 4.Ba4 Nf6 5.O-O Be7 6.Re1 b5 7.Bb3 d6 8.c3 O-O
9.h3 Bb7 10.d4 Re8 11.Nbd2 Bf8 12.Bc2 h6 13.a4 exd4 14.cxd4 Nb4 15.Bb1 c5
16.d5 g6 17.Nf1 Bg7 18.a5 Nd7 19.Ra3 Ne5 20.Nxe5 Bxe5 21.Nh2 Bc8 22.Nf3 Bg7
23.Re2 Ra7 24.Be3 Rae7 25.Qd2 g5 26.Re1 Rf8 27.h4 g4 28.Bxh6 gxf3 29.Bxg7  1-0